000 004540000a22001810004500
003 MACL
005 20151027151021.0
008 151027b xxu||||| |||| 00| 0 eng d
040 _aMACL
_cMACL
041 _aEnglish
082 _a920/WAH
100 _awahi, Dr. shruti
_916999
245 _aAcharya Narendra Dev and his Ideas
260 _bBharat Book Centre
_c2010
_aDelhi
350 _a150
650 _aBiography
_917000
942 _cBK
_k920/WAH
_2ddc
999 _c44487
_d44487